000 00662nam a22002057a 4500
005 20251108170515.0
008 250721s2000 xx 000 0 ara d
082 1 4 _a346.0482/كنع
100 1 _aكنعان، نواف
245 1 0 _aحق المؤلف :
_bالنماذج المعاصرة لحق المؤلف و وسائل حمايته /
250 _aط3
264 _bمكتبة دار الثقافة،
_c2000.
300 _a514ص
650 1 7 _aالملكية الفكرية
650 1 7 _aحق الملكية الفكرية
650 1 7 _aحقوق المؤلفون
650 1 7 _aالحماية القانونية
942 _2ddc
_cBK
999 _c42184
_d42184